| 000 | 00751nam a22002057a 4500 | ||
|---|---|---|---|
| 999 |
_c10289 _d10289 |
||
| 003 | AR-CdUCM | ||
| 008 | 190329b ||||| |||| 00| 0 spa d | ||
| 040 |
_aMUNICIPALIDAD PROVINCIAL DEL CUSCO _cBIBLIOTECA MUNICIPAL DEL CUSCO |
||
| 082 |
_a869.56 / _bM64 / 1966 |
||
| 100 |
_aMiró Quesada Sosa, Aurelio _9616 |
||
| 245 | _a20 temas peruanos / | ||
| 260 |
_aLima : _bP. L. Villanueva, _c1966. |
||
| 300 |
_a474 páginas ; _c21 cm. |
||
| 505 | _aContenido: Discursos académicos -- De Carlos V a ka emancipación -- Dos momentos de Lima -- Lima y la tauromaquia -- Palma, Riva-Agüero, Vallejo. | ||
| 650 |
_aEnsayos peruanos _9233 |
||
| 650 |
_aEnsayos históricos peruanos _927071 |
||
| 650 |
_aLima _9231 |
||
| 942 |
_2ddc _cLIBROS |
||
| 945 | _aacv | ||